[Event "Voronezh op-A 19th"]
[Site "Voronezh"]
[Date "2015.06.14"]
[Round "3"]
[White "Sizintsev, Alexey"]
[Black "Gritsenko, Vladimir"]
[Result "1-0"]
[WhiteElo "2150"]
[BlackElo "2211"]
[PlyCount "131"]
[EventDate "2015.06.12"]
[EventType "swiss"]
[EventRounds "9"]
[EventCountry "RUS"]
[SourceTitle "CBM 167 Extra"]
[Source "ChessBase"]
[SourceDate "2015.09.14"]
[SourceVersion "1"]
[SourceVersionDate "2015.09.14"]
[SourceQuality "1"]

1. e4 Nc6 2. d4 d5 3. exd5 Qxd5 4. Nf3 e5 5. Nc3 Bb4 6. Bd2 Bxc3 7. Bxc3 e4 8. Ne5 Nxe5 9. dxe5 Ne7 10. Qh5 Be6 11. Qg5 Nf5 12. Rd1 h6 13. Qc1 Qc6 14. a4 0-0 15. Bb5 Qc5 16. Qf4 a6 17. Be2 Qc6 18. 0-0 Qxa4 19. Bd3 Ne7 20. Qxe4 Qxe4 21. Bxe4 c6 22. Ba5 Rfe8 23. b3 Bf5 24. Rfe1 Be6 25. g3 Rac8 26. f4 b5 27. Rd6 Bf5 28. Bxf5 Nxf5 29. Rd7 c5 30. c3 h5 31. Red1 Rc6 32. Kf2 g6 33. Rd8 Rc8 34. Rxc8 Rxc8 35. Rd8+ Rxd8 36. Bxd8 Kf8 37. Kf3 Ke8 38. Bb6 b4 39. cxb4 cxb4 40. Ke4 Kd7 41. Kd5 Ne7+ 42. Kc5 Ke6 43. Kxb4 Nc6+ 44. Kc5 Kd7 45. b4 g5 46. Ba5 gxf4 47. gxf4 Ne7 48. Kb6 Nd5+ 49. Kxa6 Nxf4 50. b5 Nd3 51. Bc3 Nc5+ 52. Ka7 Kc8 53. Bd4 Ne6 54. Bb6 Nf8 55. Bc5 Ne6 56. Bd6 Nd4 57. Kb6 Ne6 58. Bc5 Kd7 59. Be3 Nc7 60. Bf2 Ne6 61. Kb7 Nd8+ 62. Kb8 Ne6 63. Bb6 Nf4 64. Bc7 Ne6 65. b6 Nd4 66. Bd6 1-0

[Event "Voronezh Regional-ch"]
[Site "Voronezh"]
[Date "2014.12.06"]
[Round "2"]
[White "Sizintsev, Alexey"]
[Black "Shtyka, Sergey"]
[Result "0-1"]
[WhiteElo "2080"]
[BlackElo "2296"]
[PlyCount "92"]
[EventDate "2014.12.05"]
[EventType "swiss"]
[EventRounds "9"]
[EventCountry "RUS"]
[SourceTitle "CBM 164 Extra"]
[Source "ChessBase"]
[SourceDate "2015.03.02"]
[SourceVersion "1"]
[SourceVersionDate "2015.03.02"]
[SourceQuality "1"]

1. e4 c5 2. Nf3 d6 3. d4 cxd4 4. Nxd4 Nf6 5. Nc3 g6 6. Be3 Bg7 7. f3 Nc6 8. Qd2 0-0 9. 0-0-0 d5 10. exd5 Nxd5 11. Nxc6 bxc6 12. Bd4 e5 13. Bc5 Be6 14. Bc4 Qh4 15. Bxd5 cxd5 16. Bxf8 Rxf8 17. g3 Qc4 18. Qd3 d4 19. Qxc4 Bxc4 20. b3 Ba6 21. Ne4 Be2 22. Rd3 Bh6+ 23. Kb2 f5 24. Nd6 Rd8 25. Nc4 e4 26. fxe4 fxe4 27. Rdd1 Bxd1 28. Rxd1 Rf8 29. Re1 e3 30. Ne5 Bg7 31. Nd3 Kf7 32. Rf1+ Ke6 33. Re1 Kf5 34. Kc1 Ke4 35. Nc5+ Kf3 36. Ne6 Kf2 37. Kd1 Re8 38. Nxg7 Re7 39. Re2+ Kf3 40. Re1 Rxg7 41. Rf1+ Kg2 42. Rf4 Kxh2 43. Rxd4 Kxg3 44. Ke2 h5 45. Kxe3 h4 46. Ke2 Kg2 0-1

[Event "Voronezh CC-ch"]
[Site "Voronezh"]
[Date "2014.10.24"]
[Round "7"]
[White "Kostin, Alexey"]
[Black "Sizintsev, Alexey"]
[Result "1-0"]
[WhiteElo "2303"]
[BlackElo "2045"]
[PlyCount "45"]
[EventDate "2014.10.17"]
[EventType "swiss"]
[EventRounds "9"]
[EventCountry "RUS"]
[SourceTitle "CBM 163 Extra"]
[Source "ChessBase"]
[SourceDate "2014.12.23"]
[SourceVersion "1"]
[SourceVersionDate "2014.12.23"]
[SourceQuality "1"]

1. e4 e5 2. f4 exf4 3. Bc4 Nf6 4. Nc3 Bb4 5. Nge2 0-0 6. 0-0 Nxe4 7. Nxe4 d5 8. c3 Be7 9. Bd3 dxe4 10. Bxe4 Nd7 11. Nxf4 Nc5 12. Bc2 Bd7 13. d4 Ne6 14. Nd5 Bc6 15. Qd3 g6 16. Nxe7+ Qxe7 17. Bh6 Rfe8 18. Qg3 Qd6 19. Qf2 f5 20. Bb3 Be4 21. Rae1 Kh8 22. Rxe4 fxe4 23. Qf6+ 1-0

[Event "Voronezh CC-ch"]
[Site "Voronezh"]
[Date "2014.10.22"]
[Round "5"]
[White "Cherednichenko, Dmitrij"]
[Black "Sizintsev, Alexey"]
[Result "0-1"]
[WhiteElo "1902"]
[BlackElo "2045"]
[PlyCount "68"]
[EventDate "2014.10.17"]
[EventType "swiss"]
[EventRounds "9"]
[EventCountry "RUS"]
[SourceTitle "CBM 163 Extra"]
[Source "ChessBase"]
[SourceDate "2014.12.23"]
[SourceVersion "1"]
[SourceVersionDate "2014.12.23"]
[SourceQuality "1"]

1. d4 Nf6 2. c4 g6 3. Nc3 Bg7 4. e4 d6 5. Nf3 0-0 6. Be2 e5 7. 0-0 Nc6 8. d5 Ne7 9. b4 Nh5 10. Re1 Nf4 11. Bf1 f5 12. Bxf4 exf4 13. Rc1 a5 14. a3 fxe4 15. Rxe4 Bf5 16. Nd4 Bxe4 17. Ne6 Qc8 18. Nxe4 Rf5 19. Be2 Re5 20. Bg4 Nf5 21. Bxf5 Rxf5 22. c5 dxc5 23. N4xc5 axb4 24. Nxg7 Kxg7 25. Ne6+ Kh6 26. Qg4 Qh8 27. Qh4+ Rh5 28. Qxf4+ g5 29. Qxb4 Qe5 30. h3 Rg8 31. Qe7 g4 32. Rxc7 Qe1+ 33. Kh2 g3+ 34. fxg3 Qxg3+ 0-1

[Event "Voronezh CC-ch"]
[Site "Voronezh"]
[Date "2014.10.18"]
[Round "2"]
[White "Sizintsev, Alexey"]
[Black "Provkin, Vladimir"]
[Result "1-0"]
[WhiteElo "2045"]
[BlackElo "2161"]
[PlyCount "91"]
[EventDate "2014.10.17"]
[EventType "swiss"]
[EventRounds "9"]
[EventCountry "RUS"]
[SourceTitle "CBM 163 Extra"]
[Source "ChessBase"]
[SourceDate "2014.12.23"]
[SourceVersion "1"]
[SourceVersionDate "2014.12.23"]
[SourceQuality "1"]

1. e4 c5 2. c3 d6 3. d4 Nf6 4. Bd3 Qc7 5. Nf3 Bg4 6. h3 Bxf3 7. Qxf3 cxd4 8. Na3 dxc3 9. Nb5 Qd7 10. Nxc3 e6 11. 0-0 Nc6 12. Bf4 a6 13. Rfd1 Qc7 14. Rac1 Qb8 15. Na4 Nd7 16. Qg3 h5 17. h4 g6 18. Bf1 e5 19. Be3 Be7 20. Nb6 Nxb6 21. Bxb6 0-0 22. Bc4 Kg7 23. Bd5 Qe8 24. f4 Rc8 25. a3 Bf6 26. f5 Qe7 27. Qh3 Bxh4 28. Rc3 Bg5 29. Rf1 h4 30. f6+ Bxf6 31. Rcf3 Nd4 32. Bxd4 exd4 33. Rxf6 Qxf6 34. Rxf6 Kxf6 35. Qd3 Ke5 36. Bxb7 Rc1+ 37. Kh2 Rb8 38. Qxa6 Rc7 39. Qa5+ Rc5 40. Qa7 d3 41. Qxb8 d2 42. Qe8+ Kd4 43. Qa4+ Ke3 44. Qd1 Rc1 45. Qf3+ Kd4 46. Qf2+ 1-0

[Event "Voronezh Zagorovsky Memorial"]
[Site "Voronezh"]
[Date "2014.07.08"]
[Round "7"]
[White "Sizintsev, Alexey"]
[Black "Avtsynov, Artyom"]
[Result "1-0"]
[WhiteElo "1965"]
[BlackElo "2033"]
[PlyCount "77"]
[EventDate "2014.07.01"]
[EventType "swiss"]
[EventRounds "9"]
[EventCountry "RUS"]
[SourceTitle "CBM 161 Extra"]
[Source "ChessBase"]
[SourceDate "2014.08.29"]
[SourceVersion "1"]
[SourceVersionDate "2014.08.29"]
[SourceQuality "1"]

1. e4 c5 2. c3 d5 3. exd5 Qxd5 4. d4 Nc6 5. Nf3 cxd4 6. cxd4 e5 7. Nc3 Bb4 8. Bd2 Bxc3 9. Bxc3 e4 10. Ne5 Nxe5 11. dxe5 Ne7 12. Be2 0-0 13. 0-0 Bf5 14. Qc1 Rfd8 15. Qg5 Qe6 16. Rfd1 h6 17. Qh4 g5 18. Qg3 Ng6 19. Bf1 Rd5 20. Rxd5 Qxd5 21. b3 Re8 22. Bc4 Qc5 23. Rd1 Nf4 24. h4 Qxc4 25. bxc4 Ne2+ 26. Kh2 Nxg3 27. Kxg3 gxh4+ 28. Kxh4 Rc8 29. Rd4 b5 30. g4 Bg6 31. Rd7 Rxc4 32. Rd8+ Kh7 33. Bb2 Bf5 34. gxf5 e3+ 35. Kg3 exf2 36. e6 f1N+ 37. Kf2 Rf4+ 38. Kg1 Rxf5 39. e7 1-0

[Event "Voronezh Zagorovsky Memorial"]
[Site "Voronezh"]
[Date "2014.07.04"]
[Round "4"]
[White "Malin, Alexey"]
[Black "Sizintsev, Alexey"]
[Result "1/2-1/2"]
[WhiteElo "1865"]
[BlackElo "1965"]
[PlyCount "72"]
[EventDate "2014.07.01"]
[EventType "swiss"]
[EventRounds "9"]
[EventCountry "RUS"]
[SourceTitle "CBM 161 Extra"]
[Source "ChessBase"]
[SourceDate "2014.08.29"]
[SourceVersion "1"]
[SourceVersionDate "2014.08.29"]
[SourceQuality "1"]

1. e4 e5 2. Nf3 Nc6 3. Bc4 Nf6 4. d4 exd4 5. e5 d5 6. Bb5 Ne4 7. Nxd4 Bd7 8. Bxc6 bxc6 9. 0-0 Bc5 10. f3 Ng5 11. f4 Ne4 12. Be3 Qe7 13. Nd2 Nxd2 14. Qxd2 0-0 15. Rae1 Bb6 16. Nb3 a5 17. Bxb6 cxb6 18. f5 f6 19. e6 Bc8 20. Rf3 c5 21. Rg3 a4 22. Nc1 Qd6 23. Nd3 Bb7 24. Nf4 Rae8 25. Nh5 Re7 26. Rg4 Kh8 27. Re3 Rg8 28. Reg3 Qe5 29. Nf4 Rge8 30. Rh4 Qxf5 31. Ng6+ Kg8 32. Nxe7+ Rxe7 33. Rxa4 Qxe6 34. Rag4 d4 35. h3 Qxa2 36. Qf4 Qf7 1/2-1/2

[Event "Voronezh Zagorovsky Memorial"]
[Site "Voronezh"]
[Date "2014.07.01"]
[Round "1"]
[White "Sizintsev, Alexey"]
[Black "Popov, Kirill"]
[Result "0-1"]
[WhiteElo "1965"]
[BlackElo "2239"]
[PlyCount "70"]
[EventDate "2014.07.01"]
[EventType "swiss"]
[EventRounds "9"]
[EventCountry "RUS"]
[SourceTitle "CBM 161 Extra"]
[Source "ChessBase"]
[SourceDate "2014.08.29"]
[SourceVersion "1"]
[SourceVersionDate "2014.08.29"]
[SourceQuality "1"]

1. e4 e6 2. d4 d5 3. e5 c5 4. c3 Nc6 5. Nf3 Bd7 6. Bd3 f6 7. 0-0 Qc7 8. Bf4 0-0-0 9. Na3 a6 10. Nc2 h6 11. Bg3 f5 12. Rc1 g5 13. h3 Kb8 14. Re1 Be8 15. dxc5 f4 16. Bh2 Bxc5 17. Ncd4 Qb6 18. Qc2 Bxd4 19. Nxd4 Nxd4 20. cxd4 Ne7 21. Qc5 Qxc5 22. Rxc5 Nc6 23. Rd1 Nxd4 24. Bxa6 Nf3+ 25. gxf3 bxa6 26. Kf1 Bb5+ 27. Ke1 Rc8 28. Rdc1 Rxc5 29. Rxc5 Rc8 30. Rxc8+ Kxc8 31. Kd2 d4 32. h4 Kc7 33. hxg5 hxg5 34. b3 a5 35. Bg1 Kc6 0-1

[Event "Voronezh op-B 18th"]
[Site "Voronezh"]
[Date "2014.06.20"]
[Round "9"]
[White "Sizintsev, Alexey"]
[Black "Kolyuzhnov, Vladislav"]
[Result "1-0"]
[WhiteElo "1990"]
[BlackElo "1651"]
[PlyCount "73"]
[EventDate "2014.06.12"]
[EventType "swiss"]
[EventRounds "9"]
[EventCountry "RUS"]
[SourceTitle "EXT 2015"]
[Source "ChessBase"]
[SourceDate "2014.11.20"]
[SourceVersion "1"]
[SourceVersionDate "2014.11.20"]
[SourceQuality "1"]

1. e4 e6 2. d4 d5 3. e5 c5 4. c3 Qb6 5. Nf3 Nc6 6. a3 Bd7 7. b4 cxd4 8. cxd4 Rc8 9. Bb2 Nge7 10. Nc3 Nb8 11. Bd3 Ng6 12. 0-0 a5 13. Na4 Bxa4 14. Qxa4+ Nc6 15. b5 Na7 16. Rfc1 Be7 17. Bc3 Bd8 18. Nd2 Qc7 19. Nb3 b6 20. Bxa5 Qb7 21. Rxc8 Nxc8 22. Bb4 Be7 23. Rc1 Bxb4 24. Qxb4 Nge7 25. a4 0-0 26. Qc3 Qa7 27. a5 bxa5 28. Qxa5 g6 29. Qxa7 Nxa7 30. Rc7 Nac8 31. b6 Nf5 32. b7 Na7 33. Bxf5 gxf5 34. Nc5 Kg7 35. Nd7 Rd8 36. b8Q Rxb8 37. Nxb8 1-0

[Event "Voronezh Rating op 03-A"]
[Site "Voronezh"]
[Date "2014.03.07"]
[Round "7"]
[White "Kozlov, Sergej A"]
[Black "Sizintsev, Alexey"]
[Result "0-1"]
[WhiteElo "1905"]
[BlackElo "1979"]
[PlyCount "108"]
[EventDate "2014.03.01"]
[EventType "swiss"]
[EventRounds "9"]
[EventCountry "RUS"]
[SourceTitle "EXT 2015"]
[Source "ChessBase"]
[SourceDate "2014.11.20"]
[SourceVersion "1"]
[SourceVersionDate "2014.11.20"]
[SourceQuality "1"]

1. d4 Nf6 2. Nf3 g6 3. c4 Bg7 4. Nc3 d6 5. e4 0-0 6. Be2 e5 7. dxe5 dxe5 8. Qxd8 Rxd8 9. Bg5 Re8 10. Nd5 Nxd5 11. cxd5 c6 12. Bc4 cxd5 13. Bxd5 Nd7 14. 0-0-0 h6 15. Be3 Nf6 16. Kb1 Nxd5 17. exd5 b6 18. d6 Bf5+ 19. Ka1 Rad8 20. Rd2 Rd7 21. Rhd1 Red8 22. h3 Be4 23. Ne1 f5 24. f3 Bc6 25. Nc2 f4 26. Bf2 Ba4 27. Kb1 Bf8 28. b3 Bc6 29. Nb4 Bb7 30. Nd5 Rxd6 31. Nf6+ Kf7 32. Rxd6 Rxd6 33. Rxd6 Bxd6 34. Ne4 Be7 35. Kc2 Ke6 36. Kc3 Kf5 37. Nd2 g5 38. a4 Bd5 39. Nc4 e4 40. fxe4+ Bxe4 41. g4+ Ke6 42. a5 Bg2 43. a6 Bxh3 44. Nd2 Bc5 45. Bxc5 bxc5 46. Ne4 Bxg4 47. Nxc5+ Kd5 48. b4 Be2 49. Kd2 Bb5 50. Ke1 Kc4 51. Kf2 Kxb4 52. Ne6 Bxa6 53. Kf3 Bb7+ 54. Kg4 Bc8 0-1

[Event "Voronezh Rating op 03-A"]
[Site "Voronezh"]
[Date "2014.03.05"]
[Round "5"]
[White "Provkin, Vladimir"]
[Black "Sizintsev, Alexey"]
[Result "1-0"]
[WhiteElo "2156"]
[BlackElo "1979"]
[PlyCount "79"]
[EventDate "2014.03.01"]
[EventType "swiss"]
[EventRounds "9"]
[EventCountry "RUS"]
[SourceTitle "EXT 2015"]
[Source "ChessBase"]
[SourceDate "2014.11.20"]
[SourceVersion "1"]
[SourceVersionDate "2014.11.20"]
[SourceQuality "1"]

1. d4 Nf6 2. Nc3 d5 3. Bg5 g6 4. Bxf6 exf6 5. g3 Bg7 6. Bg2 c6 7. e3 0-0 8. Nge2 Nd7 9. 0-0 f5 10. Rb1 a5 11. a3 a4 12. Na2 Nf6 13. Nb4 Ne4 14. Rc1 Re8 15. Nf4 Nd6 16. Nfd3 g5 17. Re1 Re6 18. Nc5 Rh6 19. c3 Ne4 20. Nbd3 Bf8 21. Nxa4 Bd6 22. Nac5 Qe7 23. c4 b6 24. Nxe4 fxe4 25. c5 Bb8 26. Nb4 b5 27. Ra1 f5 28. a4 f4 29. axb5 Rxa1 30. Qxa1 f3 31. Qa8 fxg2 32. Qxb8 Qe6 33. Nxc6 Rxh2 34. Qxc8+ Qxc8 35. Ne7+ Kf7 36. Nxc8 Rh1+ 37. Kxg2 Rxe1 38. b6 Rb1 39. b7 Rxb2 40. Nb6 1-0

[Event "Voronezh Region-ch"]
[Site "Voronezh"]
[Date "2013.12.11"]
[Round "8"]
[White "Kiselev, Maxim"]
[Black "Sizintsev, Alexey"]
[Result "0-1"]
[WhiteElo "2133"]
[BlackElo "1953"]
[PlyCount "142"]
[EventDate "2013.12.03"]
[EventType "swiss"]
[EventRounds "9"]
[EventCountry "RUS"]
[SourceTitle "CBM 158 Extra"]
[Source "ChessBase"]
[SourceDate "2014.02.28"]
[SourceVersion "1"]
[SourceVersionDate "2014.02.28"]
[SourceQuality "1"]

1. d4 Nf6 2. c4 g6 3. Nc3 Bg7 4. g3 0-0 5. Bg2 d6 6. Nf3 Nc6 7. d5 Na5 8. Nd2 c5 9. 0-0 a6 10. Qc2 Rb8 11. b3 b5 12. Bb2 Ng4 13. cxb5 axb5 14. h3 Ne5 15. f4 Nd7 16. Nd1 Nf6 17. e4 e6 18. Ne3 Re8 19. g4 exd5 20. Nxd5 Nc6 21. Nxf6+ Bxf6 22. e5 Nb4 23. Qc3 dxe5 24. Ne4 Bg7 25. Rad1 Qb6 26. Rd6 Qa7 27. fxe5 Be6 28. Qe3 Qxa2 29. Nf6+ Bxf6 30. exf6 Kh8 31. Qh6 Rg8 32. Be5 Rbe8 33. Rfd1 Qe2 34. Bf4 Bd5 35. R6xd5 Nxd5 36. Rxd5 Qe1+ 37. Kh2 Re2 38. Rd2 Rxd2 39. Bxd2 Qe5+ 40. Qf4 Re8 41. Kg3 c4 42. Qxe5 Rxe5 43. bxc4 bxc4 44. Kf2 Rb5 45. Bf1 Rb2 46. Ke3 Rc2 47. Bb4 Rc1 48. Be2 c3 49. Kd3 c2 50. Bd2 Re1 51. Bf3 c1Q 52. Bxc1 Rxc1 53. Ke3 Rc3+ 54. Kf2 Kg8 55. g5 Rc5 56. h4 h6 57. gxh6 Rf5 58. Kg3 Kh7 59. h5 Kxh6 60. hxg6 Kxg6 61. Be4 Kxf6 62. Bc6 Rg5+ 63. Kf4 Rf5+ 64. Kg3 Ke5 65. Bb7 Rg5+ 66. Kf3 Rg8 67. Bc6 Rc8 68. Bb7 Rc3+ 69. Kf2 Kf4 70. Bd5 Rc2+ 71. Kf1 f5 0-1

[Event "Voronezh Region-ch"]
[Site "Voronezh"]
[Date "2013.12.10"]
[Round "7"]
[White "Sizintsev, Alexey"]
[Black "Semenova, Irina"]
[Result "1-0"]
[WhiteElo "1953"]
[BlackElo "2266"]
[PlyCount "89"]
[EventDate "2013.12.03"]
[EventType "swiss"]
[EventRounds "9"]
[EventCountry "RUS"]
[SourceTitle "CBM 158 Extra"]
[Source "ChessBase"]
[SourceDate "2014.02.28"]
[SourceVersion "1"]
[SourceVersionDate "2014.02.28"]
[SourceQuality "1"]

1. e4 e5 2. Nf3 Nc6 3. Bb5 a6 4. Ba4 d6 5. 0-0 Bd7 6. c3 g6 7. d4 Bg7 8. Be3 Nf6 9. Nbd2 Qe7 10. Re1 0-0 11. d5 Nd8 12. Rc1 Ng4 13. Bg5 f6 14. Bh4 h5 15. h3 Nh6 16. c4 b6 17. b4 g5 18. Bg3 h4 19. Bh2 Bc8 20. c5 b5 21. Bb3 Kh8 22. a4 Rg8 23. Kh1 Bf8 24. Nf1 Qf7 25. Qd3 Rb8 26. axb5 Rxb5 27. Bc4 Rxb4 28. Bxa6 Bxa6 29. Qxa6 dxc5 30. N1d2 Rb6 31. Qa4 Qh5 32. Nc4 g4 33. Nfxe5 g3 34. Nxb6 fxe5 35. Nd7 Bd6 36. Nf6 Qg6 37. Nxg8 Nxg8 38. fxg3 hxg3 39. Bg1 Nf7 40. Bxc5 Nf6 41. Bxd6 cxd6 42. Qb3 Ng5 43. Qb8+ Kg7 44. Qxd6 Nf7 45. Rc7 1-0

[Event "Voronezh Region-ch"]
[Site "Voronezh"]
[Date "2013.12.08"]
[Round "6"]
[White "Avtsynov, Artyom"]
[Black "Sizintsev, Alexey"]
[Result "0-1"]
[WhiteElo "2068"]
[BlackElo "1953"]
[PlyCount "70"]
[EventDate "2013.12.03"]
[EventType "swiss"]
[EventRounds "9"]
[EventCountry "RUS"]
[SourceTitle "CBM 158 Extra"]
[Source "ChessBase"]
[SourceDate "2014.02.28"]
[SourceVersion "1"]
[SourceVersionDate "2014.02.28"]
[SourceQuality "1"]

1. e4 e5 2. Nf3 Nc6 3. d4 exd4 4. Nxd4 Nf6 5. Nxc6 bxc6 6. e5 Qe7 7. Qe2 Nd5 8. c4 Ba6 9. b3 g6 10. f4 d6 11. Qf2 Nb6 12. Ba3 c5 13. Bd3 dxe5 14. Be4 0-0-0 15. f5 Rd4 16. Nc3 Bh6 17. 0-0 Bd2 18. Nd5 Nxd5 19. Bxd5 Bc3 20. Rac1 Rxd5 21. Rxc3 Rd4 22. Re3 Bb7 23. Re2 Rhd8 24. Qe1 f6 25. fxg6 hxg6 26. Qa5 Qh7 27. Qxc5 Qh5 28. Ref2 Rh8 29. h3 Rg4 30. Rf3 Rxg2+ 31. Kxg2 Qxh3+ 32. Kf2 Qxf3+ 33. Ke1 Qc3+ 34. Ke2 Rh2+ 35. Rf2 Bf3+ 0-1

[Event "Voronezh Region-ch"]
[Site "Voronezh"]
[Date "2013.12.06"]
[Round "4"]
[White "Klimentov, Roman"]
[Black "Sizintsev, Alexey"]
[Result "1-0"]
[WhiteElo "2206"]
[BlackElo "1953"]
[PlyCount "87"]
[EventDate "2013.12.03"]
[EventType "swiss"]
[EventRounds "9"]
[EventCountry "RUS"]
[SourceTitle "CBM 158 Extra"]
[Source "ChessBase"]
[SourceDate "2014.02.28"]
[SourceVersion "1"]
[SourceVersionDate "2014.02.28"]
[SourceQuality "1"]

1. e4 e5 2. Nf3 Nc6 3. Bb5 a6 4. Ba4 Nf6 5. 0-0 Be7 6. Bxc6 dxc6 7. d3 Qd6 8. Nbd2 b5 9. b3 Be6 10. a4 Nd7 11. Bb2 0-0 12. Re1 c5 13. Nf1 f6 14. Ne3 g6 15. h4 Rfd8 16. h5 Nf8 17. Nd2 Qd7 18. g3 Bd6 19. Kg2 Qf7 20. hxg6 hxg6 21. Rh1 Nd7 22. Rh4 Bf8 23. f4 Bg7 24. f5 gxf5 25. exf5 Bd5+ 26. Nxd5 Qxd5+ 27. Qf3 Qxf3+ 28. Kxf3 Nb6 29. a5 Nd5 30. Ne4 Nb4 31. Nxc5 Nxc2 32. Rc1 Nd4+ 33. Bxd4 exd4 34. Ne6 Rd5 35. Rg4 Rxf5+ 36. Kg2 Kf7 37. Nxg7 Re5 38. Rxc7+ Kf8 39. Re4 Rxe4 40. dxe4 d3 41. Kf3 Kg8 42. Nh5 Rd8 43. Nxf6+ Kf8 44. Rd7 1-0

[Event "Voronezh Rating op 10"]
[Site "Voronezh"]
[Date "2013.10.07"]
[Round "6"]
[White "Sizintsev, Alexey"]
[Black "Rodionov, Roman"]
[Result "1-0"]
[WhiteElo "1909"]
[BlackElo "1849"]
[PlyCount "67"]
[EventDate "2013.10.02"]
[EventType "swiss"]
[EventRounds "7"]
[EventCountry "RUS"]
[SourceTitle "EXT 2015"]
[Source "ChessBase"]
[SourceDate "2014.11.20"]
[SourceVersion "1"]
[SourceVersionDate "2014.11.20"]
[SourceQuality "1"]

1. e4 e5 2. Nf3 d6 3. d4 Nd7 4. Nc3 Ngf6 5. Bc4 Be7 6. 0-0 c6 7. h3 b5 8. Bd3 b4 9. Ne2 a5 10. Be3 0-0 11. Ng3 Bb7 12. a3 c5 13. dxe5 Nxe5 14. Nxe5 dxe5 15. f3 Qc7 16. Qe2 Nd7 17. a4 Rfc8 18. Nf5 Bf8 19. b3 Nb6 20. Qf2 Ba6 21. Rad1 Nd7 22. Qg3 f6 23. Rd2 c4 24. Bxc4+ Bxc4 25. bxc4 Nc5 26. Rfd1 Rd8 27. Rxd8 Rxd8 28. Rxd8 g5 29. Bxg5 fxg5 30. Nh6+ Kh8 31. Rxf8+ Kg7 32. Rf7+ Qxf7 33. Nxf7 Kxf7 34. Qxe5 1-0

[Event "Voronezh Rating op 10"]
[Site "Voronezh"]
[Date "2013.10.05"]
[Round "4"]
[White "Sizintsev, Alexey"]
[Black "Chupakhin, Alexey"]
[Result "1-0"]
[WhiteElo "1909"]
[BlackElo "1702"]
[PlyCount "59"]
[EventDate "2013.10.02"]
[EventType "swiss"]
[EventRounds "7"]
[EventCountry "RUS"]
[SourceTitle "EXT 2015"]
[Source "ChessBase"]
[SourceDate "2014.11.20"]
[SourceVersion "1"]
[SourceVersionDate "2014.11.20"]
[SourceQuality "1"]

1. e4 Nc6 2. d4 d5 3. e5 Bf5 4. Nf3 e6 5. Be2 Nge7 6. 0-0 h6 7. Be3 Bg4 8. Nh4 Nf5 9. Nxf5 Bxf5 10. Nd2 Be7 11. c3 0-0 12. f4 a6 13. a4 a5 14. Nf3 h5 15. h3 Be4 16. Nd2 g6 17. Nxe4 dxe4 18. Qb1 Bh4 19. Qxe4 Qd5 20. Qc2 Rab8 21. Bd3 Kg7 22. Be4 Qd7 23. Rad1 Ne7 24. Bf2 Bxf2+ 25. Qxf2 Qxa4 26. Qh4 Nd5 27. f5 Qe8 28. f6+ Kh6 29. g4 Rg8 30. g5+ 1-0

[Event "Voronezh op-B 17th"]
[Site "Voronezh"]
[Date "2013.06.20"]
[Round "9"]
[White "Zisin, Oleg"]
[Black "Sizintsev, Alexey"]
[Result "1/2-1/2"]
[WhiteElo "1837"]
[BlackElo "1886"]
[PlyCount "49"]
[EventDate "2013.06.12"]
[EventType "swiss"]
[EventRounds "9"]
[EventCountry "RUS"]
[SourceTitle "EXT 2014"]
[Source "ChessBase"]
[SourceDate "2013.11.20"]
[SourceVersion "1"]
[SourceVersionDate "2013.11.20"]
[SourceQuality "1"]

1. e4 e5 2. Nf3 Nc6 3. d4 exd4 4. Bc4 Nf6 5. 0-0 Nxe4 6. Re1 d5 7. Bxd5 Qxd5 8. Nc3 Qa5 9. Nxe4 Be6 10. Neg5 0-0-0 11. Nxe6 fxe6 12. Rxe6 Bd6 13. a3 h6 14. Bd2 Qf5 15. Re1 g5 16. Bb4 Nxb4 17. axb4 Kb8 18. Ra5 Qf4 19. Qa1 a6 20. Rxa6 bxa6 21. Qxa6 Rhf8 22. Qb5+ Kc8 23. Qa6+ Kd7 24. Qb5+ Kc8 25. Qa6+ 1/2-1/2

[Event "Voronezh op-B 17th"]
[Site "Voronezh"]
[Date "2013.06.17"]
[Round "6"]
[White "Sizintsev, Alexey"]
[Black "Shishkin, Alexander"]
[Result "1/2-1/2"]
[WhiteElo "1886"]
[BlackElo "1966"]
[PlyCount "71"]
[EventDate "2013.06.12"]
[EventType "swiss"]
[EventRounds "9"]
[EventCountry "RUS"]
[SourceTitle "EXT 2014"]
[Source "ChessBase"]
[SourceDate "2013.11.20"]
[SourceVersion "1"]
[SourceVersionDate "2013.11.20"]
[SourceQuality "1"]

1. e4 e5 2. Nf3 d6 3. d4 exd4 4. Nxd4 Nf6 5. Nc3 Be7 6. Bc4 0-0 7. Bb3 c5 8. Nde2 Nc6 9. 0-0 Na5 10. Bd5 Rb8 11. a4 a6 12. Nf4 b5 13. axb5 axb5 14. b4 cxb4 15. Na2 Nxd5 16. Nxd5 Bf6 17. Rb1 b3 18. cxb3 Re8 19. Re1 Nc6 20. Nab4 Nxb4 21. Nxb4 Bb7 22. Nd5 Bxd5 23. Qxd5 Re5 24. Qd3 Rc5 25. Rd1 Rc6 26. Bf4 Be7 27. Rd2 Bg5 28. Bxg5 Qxg5 29. Rbd1 h6 30. Qf3 Rbb6 31. Rd5 Qe7 32. Qd3 b4 33. e5 Rc3 34. Qb1 Rcc6 35. Qd3 Rc3 36. Qb1 1/2-1/2

[Event "Voronezh op-B 17th"]
[Site "Voronezh"]
[Date "2013.06.15"]
[Round "4"]
[White "Sizintsev, Alexey"]
[Black "Dilshodbek, Aytolkun"]
[Result "1/2-1/2"]
[WhiteElo "1886"]
[BlackElo "1750"]
[PlyCount "85"]
[EventDate "2013.06.12"]
[EventType "swiss"]
[EventRounds "9"]
[EventCountry "RUS"]
[SourceTitle "EXT 2014"]
[Source "ChessBase"]
[SourceDate "2013.11.20"]
[SourceVersion "1"]
[SourceVersionDate "2013.11.20"]
[SourceQuality "1"]

1. e4 c6 2. d4 d5 3. exd5 cxd5 4. c4 Nf6 5. Nc3 Nc6 6. h3 Bf5 7. Nf3 e6 8. a3 Be7 9. cxd5 Nxd5 10. Bc4 Nb6 11. Ba2 0-0 12. 0-0 Bf6 13. Be3 Qd7 14. Qd2 Rfd8 15. Rfd1 h6 16. Qe2 Qe7 17. Rac1 Nd5 18. Nxd5 exd5 19. Qb5 a6 20. Qc5 Be6 21. Qxe7 Bxe7 22. Ne5 Rac8 23. b4 Kf8 24. Nd3 b6 25. Nf4 g5 26. Nxe6+ fxe6 27. h4 Na7 28. hxg5 hxg5 29. a4 Rxc1 30. Rxc1 Rc8 31. Rxc8+ Nxc8 32. Bb1 Nd6 33. Bd3 b5 34. a5 Nc4 35. Bxc4 dxc4 36. Bd2 Kf7 37. Bc3 Bf6 38. g3 Ke7 39. f4 Kd6 40. Kf2 gxf4 41. gxf4 Kd5 42. Ke3 Bg7 43. Bb2 1/2-1/2

[Event "Nebug Rating op"]
[Site "Nebug"]
[Date "2013.03.29"]
[Round "8"]
[White "Sukhorukov, Andrey"]
[Black "Sizintsev, Alexey"]
[Result "1-0"]
[WhiteElo "2308"]
[BlackElo "1818"]
[PlyCount "97"]
[EventDate "2013.03.22"]
[EventType "swiss"]
[EventRounds "9"]
[EventCountry "RUS"]
[SourceTitle "EXT 2015"]
[Source "ChessBase"]
[SourceDate "2014.11.20"]
[SourceVersion "1"]
[SourceVersionDate "2014.11.20"]
[SourceQuality "1"]

1. Nf3 Nf6 2. g3 g6 3. Bg2 Bg7 4. 0-0 0-0 5. d3 d5 6. Nc3 c6 7. Bd2 Nbd7 8. e4 dxe4 9. dxe4 Nc5 10. Qe2 b6 11. Rfd1 Ba6 12. Qe1 Qe8 13. e5 Nd5 14. Nd4 e6 15. f4 Qd7 16. Rab1 Rae8 17. b4 Nb7 18. Ne4 Bc4 19. Bf1 Bxf1 20. Qxf1 f5 21. Ng5 h6 22. Ngf3 Rd8 23. c4 Ne7 24. Be3 Qc8 25. Nb3 Rxd1 26. Rxd1 Rd8 27. a4 Rxd1 28. Qxd1 Qd8 29. Qd4 Qxd4 30. Nfxd4 Nd8 31. a5 Nc8 32. Kf2 Bf8 33. Nc2 Kf7 34. Ke2 Ke8 35. h3 Be7 36. Bf2 Kd7 37. g4 Nb7 38. gxf5 gxf5 39. a6 Nd8 40. Kd3 Kc7 41. c5 b5 42. Na5 Bf8 43. Nd4 Kd7 44. Nb7 Nf7 45. Nd6 Nd8 46. Nxc8 Kxc8 47. Bh4 Kd7 48. Bxd8 Kxd8 49. Nxc6+ 1-0